|
|
|
|
| LEADER |
01347cam a2200361Ia 4500 |
| 001 |
9780203203279 |
| 003 |
FlBoTFG |
| 005 |
20091230162919.0 |
| 006 |
a|||||s||||||||||| |
| 007 |
cr|||| |
| 008 |
971208s1998 enkab sb 001 0 eng d |
| 020 |
|
|
|a 9780203203279 (e-book : PDF)
|
| 040 |
|
|
|a FlBoTFG
|c FlBoTFG
|d GrThAP
|
| 090 |
|
|
|a GN771
|b .E27 1998
|
| 092 |
|
|
|a 930.12
|b E123
|
| 245 |
0 |
0 |
|a Early human behaviour in global context
|h [electronic resource] :
|b the rise and diversity of the Lower Palaeolithic record /
|c edited by Michael D. Petraglia and Ravi Korisettar.
|
| 260 |
|
|
|a London ;
|a New York :
|b Routledge,
|c 1998.
|
| 300 |
|
|
|a xix, 481 p. :
|b ill., maps.
|
| 490 |
1 |
|
|a One world archaeology ;
|v 28
|
| 504 |
|
|
|a Includes bibliographical references and index.
|
| 530 |
|
|
|a Also available in print edition.
|b CRC Press (http://www.crcpress.com)
|
| 538 |
|
|
|a Mode of access: World Wide Web.
|
| 650 |
|
0 |
|a Paleolithic period.
|
| 650 |
|
0 |
|a Human remains (Archaeology)
|
| 650 |
|
0 |
|a Human evolution.
|
| 650 |
|
0 |
|a Human behavior.
|
| 650 |
|
0 |
|a Social evolution.
|
| 655 |
|
7 |
|a Electronic books.
|2 lcsh
|
| 700 |
1 |
|
|a Petraglia, M. D.
|q (Michael D.)
|
| 700 |
1 |
|
|a Korisettar, Ravi.
|
| 776 |
1 |
|
|z 9780415117630
|
| 830 |
|
0 |
|a One world archaeology ;
|v 28.
|
| 856 |
4 |
0 |
|u http://www.tandfebooks.com/isbn/9780203203279
|z Full Text via HEAL-Link
|